Don Quijote en los exlibris / (Record no. 186881)
[ view plain ]
| 000 -LEADER | |
|---|---|
| campo de control de longitud fija | 01607nam a2200301 i 4500 |
| 001 - NÚMERO DE CONTROL | |
| campo de control | 186881 |
| 003 - IDENTIFICADOR DE NÚMERO DE CONTROL | |
| campo de control | SpMaBN |
| 005 - FECHA Y HORA DE LA ÚLTIMA TRANSACCIÓN | |
| campo de control | 20250927140217.0 |
| 008 - DATOS DE LONGITUD FIJA--INFORMACIÓN GENERAL | |
| campo de control de longitud fija | 170224s2005 sp a c |||| |dspa d |
| 020 ## - NÚMERO INTERNACIONAL ESTÁNDAR DEL LIBRO | |
| Número Internacional Estándar del Libro | 978-84-7788-407-1 |
| 080 ## - NÚMERO DE LA CLASIFICACIÓN DECIMAL UNIVERSAL | |
| Número de la Clasificación Decimal Universal | 097(083.824) |
| 080 ## - NÚMERO DE LA CLASIFICACIÓN DECIMAL UNIVERSAL | |
| Número de la Clasificación Decimal Universal | 929 Cervantes Saavedra, Miguel de (067.5) |
| 245 00 - MENCIÓN DEL TÍTULO | |
| Título | Don Quijote en los exlibris / |
| Mención de responsabilidad, etc. | [organizan, Empresa Pública Don Quijote de la Mancha 2005 ... et al. ; textos exposición y catálogo, Esther Almarcha Núñez-Herrador, Isidro Sánchez Sánchez, Gian Carlo Torre, Eduardo Urbina]. |
| 260 ## - PUBLICACIÓN, DISTRIBUCIÓN, ETC. | |
| Lugar de publicación, distribución, etc. | [Toledo] : |
| Nombre del editor, distribuidor, etc. | Empresa Pública Don Quijote de La Mancha 2005 : |
| -- | Junta de Comunidades de Castilla-La Mancha, |
| Fecha de publicación, distribución, etc. | [2005] |
| 300 ## - DESCRIPCIÓN FÍSICA | |
| Extensión | 51 p. : |
| Otras características físicas | il. col. y n. ; |
| Dimensiones | 27 cm. |
| 504 ## - NOTA DE BIBLIOGRAFÍA, ETC. | |
| Nota de bibliografía, etc. | Referencias bibliográficas. |
| 594 ## - Nota al título y mención de responsabilidad | |
| Nota al título y mención de responsabilidad | Catálogo con la selección de 57 ex libris de la exposición de la colección de "ex libris" cervantinos del Dr. Gian Carlo Torre, con motivo del IV centenario de la publicación de la primera parte del "Quijote" |
| 596 ## - NOTA AL PIE DE IMPRENTA | |
| NOTA AL PIE DE IMPRENTA | En port. y contracub.: Quixote IV Centenario. |
| 600 14 - PUNTO DE ACCESO ADICIONAL DE MATERIA--NOMBRE DE PERSONA | |
| Nombre de persona | Cervantes Saavedra, Miguel de, |
| Fechas asociadas al nombre | 1547-1616. |
| Título de la obra | Don Quijote de la Mancha- |
| Subdivisión de forma | Aniversarios y centenarios |
| 9 (RLIN) | 37614 |
| 650 #7 - PUNTO DE ACCESO ADICIONAL DE MATERIA--TÉRMINO DE MATERIA | |
| Término de materia o nombre geográfico como elemento de entrada | Exlibris cervantinos- |
| Subdivisión de forma | Exposiciones |
| Fuente del encabezamiento o término | |
| 9 (RLIN) | 161879 |
| 700 1# - ENTRADA AGREGADA--NOMBRE PERSONAL | |
| Nombre de persona | Almarcha Núñez-Herrador, Esther, |
| Fechas asociadas al nombre | 1962- |
| 9 (RLIN) | 161880 |
| 700 1# - ENTRADA AGREGADA--NOMBRE PERSONAL | |
| Nombre de persona | Sánchez Sánchez, Isidro, |
| Fechas asociadas al nombre | 1949- |
| 9 (RLIN) | 152461 |
| 700 1# - ENTRADA AGREGADA--NOMBRE PERSONAL | |
| Nombre de persona | Torre, Gian Carlo. |
| 9 (RLIN) | 161881 |
| 700 1# - ENTRADA AGREGADA--NOMBRE PERSONAL | |
| Nombre de persona | Urbina, Eduardo. |
| 9 (RLIN) | 112088 |
| 710 2# - ENTRADA AGREGADA--NOMBRE DE ENTIDAD CORPORATIVA | |
| Nombre de entidad corporativa o nombre de jurisdicción como elemento de entrada | Empresa Pública Don Quijote de la Mancha 2005. |
| 9 (RLIN) | 3470 |
| 852 ## - LOCALIZACIÓN | |
| Ubicación | ES-MaACL |
| Número de control de estantería | 2084-F-45 |
| Estatus retirado | Estado de pérdida | Estado de daño | No para préstamo | Colección | Biblioteca de origen | Biblioteca actual | Ubicación en estantería | Fecha de adquisición | Fuente de adquisición | Total de préstamos | Signatura topográfica completa | Código de barras | Visto por última vez | Precio de reemplazo | Tipo de ítem Koha |
|---|---|---|---|---|---|---|---|---|---|---|---|---|---|---|---|
| Colección de folletos | Biblioteca del Ateneo de Madrid | Biblioteca del Ateneo de Madrid | Depósito folletos | 24/02/2017 | 2084-F-45 | 1197121 | 23/02/2023 | 23/02/2023 | Folleto |
